01959nam a2200313 a 450000100100000000500170001000800410002704000250006808200190009310000510011224500860016324601280024926000360037730000210041350000600043450400330049450502290052759000270075665000660078365000610084965000720091065000470098291000380102995201310106795201910119895201170138995201220150699900170162800002641920210819112332.0110317s1991 dr 001 0 spa d aDO-SdBNPbspacBNPHU a234.165bS232d aSantana Marcano, Miguel Ángel,d1967-94893710aDoctrina jurídico-teológica del matrimonio /cMiguel Ángel Santana Marcano.10aDoctrina jurídico-teológica del matrimonio :bcontrato-sacramento desde Graciano hasta el Concilio de Trento inclusive. aSanto Domingo :b[s.n.],c1991. a139 p. ;c23 cm. aIncluye bibliografía y notas al pie de las páginas. aBibliografía : p. 124-140.0 tDoctrina jurídico teológica del matrimonio contrato-sacramento desde Graciano hasta Duns Scoto --tDoctrina jurídico teológica del matrimonio contrato-sacramento desde Duns Scoto hasta el Concilio de Trento inclusive aInventariado, 2019/MFF 4aMatrimonioxLegislaciónvENSAYOS, CONFERENCIAS, ETC.953462 4aMatrimonioxHistoriavENSAYOS, CONFERENCIAS, ETC.953463 4aMatrimonioxAspectos religiososvENSAYOS, CONFERENCIAS, ETC.953464 4aFamiliavENSAYOS, CONFERENCIAS, ETC.91029 aValidado. Control de calidad. EMS 001054708DSaGRbGRcHDd2011-07-13iLF1l0o234.165 S232dp26419-30r2020-06-25te.3w2020-06-25yLFDSZPréstamo en sala 001054708DSaGRbGRcHDd2019-07-31iLF1l0o234.165 S232dp26419-40r2020-06-25te.4w2020-06-25yLFDSzPerteneció a la biblioteca personal de Rafael Grullón.ZPréstamo en sala 0010718PDaPDbPDcHDd2011-07-13iLF1l0o234.165 S232dp26419-10r2020-06-25w2020-06-25yLFPDZNo se presta 0010718PDaPDbPDcHDd2011-07-13iLF1l0o234.165 S232dp26419-20r2020-06-25te.2w2020-06-25yLFPDZNo se presta c25911d25911